000 00457nam a2200181Ia 4500
005 20240823060932.0
008 240823s9999||||xx |||||||||||||| ||und||
041 _aENGLISH
082 _A658.8 Q0
100 _aChandrasekar K S
245 0 _aMarketing Management : Text and Cases
250 _a1st
260 _c2010
_bMcGraw Hill Educ
500 _aTRANSFERED
650 _aMarketing Management
_bManagement Studies
942 _cBK
999 _c232320
_d232320